000 004520000a22001690004500
003 LK-CoMWRAF
008 230817t ||||| |||| 00| 0 eng d
020 _a0517202646
040 _aLK-CoMWRAF
_dLK-CoMWRAF
_eLK-CoMWRAF
041 _aeng
082 _a410
_bBUR
100 _aBurke, Nancy
245 _aTeachers are Special
_bA Tribute to those who Educate, Encourage & Inspire
260 _bGramercy
_aNew York
_c1998
300 _ap.64
942 _cBK
999 _c1435
_d1435